|
|
|
|
| LEADER |
00000nam a2200000 a 4500 |
| 001 |
vtls008410351 |
| 003 |
SK-MaSNL |
| 005 |
20260302074832.0 |
| 008 |
160208s2005 xo l fr 000 0 eng |
| 015 |
|
|
|a SNBA2005/12-05476
|
| 020 |
|
|
|a 8080860106 (brož.)
|
| 035 |
|
|
|a 270975A8-F66C-4832-BE80-3A73E0265FF1
|
| 035 |
|
|
|a urn:nbn:sk:snk-amk6wm
|
| 035 |
|
|
|a urn:nbn:sk:snk-am008dxc
|
| 040 |
|
|
|a SNK
|b slo
|c SNK
|e AACR2
|
| 041 |
0 |
|
|a eng
|
| 044 |
|
|
|a xo
|c SK
|
| 072 |
|
7 |
|a 004.8
|x Umelá inteligencia
|2 konspekt
|
| 080 |
|
|
|a 004.89
|2 MDT-MRF
|
| 080 |
|
|
|a 378.2
|2 MDT-MRF
|
| 080 |
|
|
|a (082)
|2 MDT-MRF
|
| 080 |
|
|
|a (048.3)
|2 MDT-MRF
|
| 080 |
|
|
|a 004.8
|2 MDT-MRF
|
| 245 |
0 |
0 |
|a CIT-AI-2005
|b proceedings of Selected Extended Abstracts Based on Final MSc. Projects from the Branch of AI at Center for Intelligent Technologies, Department of Cybernetics and AI Technologies FEI TU Košice, Slovakia in School year 2004-2005
|c editors: Peter Sinčák, Ján Vaščák, Rudolf Jakša
|
| 250 |
|
|
|a [1st ed.]
|
| 260 |
|
|
|a [Košice
|b Elfa
|c 2005]
|
| 300 |
|
|
|a 268 s.
|b sch., tab.
|c 24 cm
|
| 504 |
|
|
|a Bibliogr. odkazy
|
| 650 |
0 |
7 |
|a umelá inteligencia
|2 SNKPH
|9 1830
|
| 650 |
0 |
7 |
|a inteligentné systémy
|2 SNKPH
|9 1832
|
| 650 |
0 |
7 |
|a diplomové práce
|2 SNKPH
|9 3505
|
| 655 |
|
7 |
|a zborníky
|2 SNKPH
|9 70165
|
| 655 |
|
7 |
|a abstrakty
|2 SNKPH
|9 22516
|
| 700 |
1 |
|
|a Sinčák, Peter,
|d 1960-
|4 edt
|9 207699
|
| 700 |
1 |
|
|a Vaščák, Ján,
|d 1967-
|4 edt
|9 12767
|
| 700 |
1 |
|
|a Jakša, Rudolf
|4 edt
|9 13143
|
| 919 |
|
|
|a 80-8086-010-6
|
| 958 |
|
|
|a OND
|
| 968 |
|
|
|d 0
|
| 999 |
|
|
|c 1166713
|d 1168643
|
| 952 |
|
|
|a SNK
|b SNK
|y PREZ
|7 0
|p 17A0489894
|o snkSC 121778
|i snk2005/19661
|8 0
|0 0
|1 0
|4 0
|d 2005-11-18
|f 1
|l 0
|r 2025-06-02 00:00:00
|w 2026-02-24
|
| 952 |
|
|
|a SNK
|b SNK
|y VYP
|7 0
|p 17A0489893
|o snkSC 121778 D1
|i snk2005/19662
|8 0
|0 0
|1 0
|4 0
|d 2005-11-18
|l 0
|r 2026-02-24 20:51:08
|w 2026-02-24
|